| 000 | 01109nam a2200325 a 4500 | ||
|---|---|---|---|
| 001 | 000110866 | ||
| 003 | CHAP | ||
| 005 | 20220329144148.0 | ||
| 008 | 141014s2010 mx b |r| ||||||spa d | ||
| 010 | _a107328 | ||
| 011 | _a108300 | ||
| 020 | _a9789707531727 | ||
| 040 | _cCHAP | ||
| 082 | 0 | 4 |
_a305.80097234 _bS62 |
| 245 | 0 | 0 |
_aSistemas normativos indígenas huichol, cora, tepehuano y mexicanero / _ccoordinado por Neyra Patricia Alvarado Solís ... [et al.]. |
| 260 |
_aMéxico : _bComisión Nacional para el Desarrollo de los Pueblos Indígenas, _c2010. |
||
| 300 |
_a254 p. : _bmaps. |
||
| 490 | 1 | _aAntropología social | |
| 590 |
_aE5995AHE _b05 _c20141014 _lUCH01 _h1013 |
||
| 590 |
_aE5995AHE _b05 _c20141014 _lUCH01 _h1017 |
||
| 590 |
_aE5995AHE _b05 _c20141014 _lUCH01 _h1024 |
||
| 650 | 1 | 4 |
_aCoras _xVidas social y costumbres. _9128232 |
| 650 | 1 | 4 |
_aHuicholes. _956822 |
| 650 | 1 | 4 |
_aIndios de México _xCondiciones sociales. _957626 |
| 700 | 1 |
_aAlvarado Solís, Neyra Patricia _ecoord. _9127998 |
|
| 830 | 0 |
_aAntropología social _v; 97 _96144 |
|
| 901 | _aBK | ||
| 942 | _cLIBRO | ||
| 942 | _n0 | ||
| 999 |
_c107328 _d107328 |
||